| 000 | 00834nam a22002777a 4500 | ||
|---|---|---|---|
| 001 | 8483 | ||
| 003 | FISKH | ||
| 005 | 20250915141553.0 | ||
| 008 | 250915b cb ||||| |||| 00| 0 eng d | ||
| 020 | _a033500818967 | ||
| 040 |
_aFISKH _beng _cFISKH _dFISKH |
||
| 050 | _aTL793 .M625 | ||
| 082 | _a629.4 | ||
| 100 | _aMoché, Dinah L. | ||
| 245 |
_aIf you were an astronaut / _cBy Dinah L. Moché |
||
| 260 |
_aNew York : _bA Golden Books , _c1992. |
||
| 300 |
_a24 unnumbered pages : _bcolor illustrations ; _c20 cm . |
||
| 505 | _aM | ||
| 520 | _aDescribes the training and experience of astronauts who fly the space shuttle. | ||
| 521 | 8 |
_a550
_bLexile estimate |
|
| 521 | 8 |
_aM
_bRaz-Plus |
|
| 650 |
_aAstronaut _vNon-fiction |
||
| 650 |
_aSpace _vNon-fiction |
||
| 942 |
_2ddc _cBK _n0 |
||
| 999 |
_c8483 _d8483 |
||